000 00238nam a22000857a 4500
008 160914b xxu||||| |||| 00| 0 eng d
100 _9447
_aSingal.J.P. etal
245 _aSocial Science-Map.W- 10
260 _aNew Delhi
_bAmanda Publications
_c2011
999 _c3106
_d3106